United Arab Emirated Yearbook 2002 (Record no. 223457)
[ view plain ]
| 000 -LEADER | |
|---|---|
| fixed length control field | 00749nam a22002537a 4500 |
| 005 - DATE AND TIME OF LATEST TRANSACTION | |
| control field | 20220628162659.0 |
| 008 - FIXED-LENGTH DATA ELEMENTS--GENERAL INFORMATION | |
| fixed length control field | 220623b ||||| |||| 00| 0 eng d |
| 020 ## - INTERNATIONAL STANDARD BOOK NUMBER | |
| International Standard Book Number | 1900724782 |
| 040 ## - CATALOGING SOURCE | |
| Transcribing agency | Aloy |
| 041 ## - LANGUAGE CODE | |
| Language code of text/sound track or separate title | kan |
| 082 ## - DEWEY DECIMAL CLASSIFICATION NUMBER | |
| Edition number | 23 |
| Classification number | 032.02 |
| Item number | ABEU |
| 100 ## - MAIN ENTRY--PERSONAL NAME | |
| Personal name | Ibrahim Al Abed...[et. al] |
| 100 ## - MAIN ENTRY--PERSONAL NAME | |
| 9 (RLIN) | 45829 |
| 245 ## - TITLE STATEMENT | |
| Title | United Arab Emirated Yearbook 2002 |
| 260 ## - PUBLICATION, DISTRIBUTION, ETC. | |
| Place of publication, distribution, etc. | London: |
| Name of publisher, distributor, etc. | Trident Press Ltd. |
| Date of publication, distribution, etc. | 2002 |
| 300 ## - PHYSICAL DESCRIPTION | |
| Extent | 320p. |
| Other physical details | PB |
| Dimensions | 21x15cm. |
| 650 ## - SUBJECT ADDED ENTRY--TOPICAL TERM | |
| Topical term or geographic name entry element | Economic Development |
| 9 (RLIN) | 44691 |
| 650 ## - SUBJECT ADDED ENTRY--TOPICAL TERM | |
| Topical term or geographic name entry element | Social Development |
| 9 (RLIN) | 44692 |
| 650 ## - SUBJECT ADDED ENTRY--TOPICAL TERM | |
| Topical term or geographic name entry element | Environment and Wildlife |
| 9 (RLIN) | 44693 |
| 700 ## - ADDED ENTRY--PERSONAL NAME | |
| Personal name | ABED (Ibrahim Al) Ed |
| 9 (RLIN) | 44694 |
| 700 ## - ADDED ENTRY--PERSONAL NAME | |
| Personal name | VINE (Paula) Ed |
| 9 (RLIN) | 44695 |
| 700 ## - ADDED ENTRY--PERSONAL NAME | |
| Personal name | HELLYER (Peter) Ed |
| 9 (RLIN) | 44696 |
| 700 ## - ADDED ENTRY--PERSONAL NAME | |
| Personal name | VINE (Peter) Ed |
| 9 (RLIN) | 44697 |
| 942 ## - ADDED ENTRY ELEMENTS (KOHA) | |
| Source of classification or shelving scheme | Dewey Decimal Classification |
| Koha item type | George Fernandes Collections |
| Withdrawn status | Lost status | Source of classification or shelving scheme | Damaged status | Not for loan | Collection code | Home library | Current library | Date acquired | Total Checkouts | Full call number | Barcode | Date last seen | Date last checked out | Price effective from | Koha item type |
|---|---|---|---|---|---|---|---|---|---|---|---|---|---|---|---|
| Dewey Decimal Classification | Others | St Aloysius Library | St Aloysius Library | 03/24/2013 | 1 | 032.02 ABEU | GF03330 | 07/02/2022 | 07/02/2022 | 06/23/2022 | George Fernandes Collections |